[Event "Titled Tuesday intern op 16th Apr Early"]
[Site "Chess.com INT"]
[Date "2024.04.16"]
[Round "4"]
[White "Aronian, Levon"]
[Black "Zhigalko, Sergei"]
[Result "0-1"]
[WhiteElo "2729"]
[BlackElo "2572"]
[PlyCount "156"]
[EventDate "2024.04.16"]
[EventType "swiss (blitz)"]
[EventRounds "11"]
[EventCountry "USA"]
[SourceTitle "CB17_2024"]
[SourceDate "2024.04.24"]
[SourceVersion "1"]
[SourceVersionDate "2024.04.24"]
[SourceQuality "1"]

1. e4 c5 2. Nf3 Nc6 3. Bb5 Nf6 4. Bxc6 dxc6 5. d3 Bg4 6. h3 Bh5 7. Nbd2 Qc7 8. Nc4 Nd7 9. g4 Bg6 10. Nh4 b5 11. Ne3 e6 12. 0-0 Be7 13. Neg2 f6 14. Qe2 Bf7 15. f4 0-0 16. c4 a5 17. Bd2 a4 18. Bc3 Rad8 19. Rae1 Bd6 20. b3 Ra8 21. Qb2 b4 22. Bd2 axb3 23. axb3 Ra3 24. Nf3 Rfa8 25. e5 Be7 26. Bc1 Ra2 27. Qb1 Bg6 28. Bb2 f5 29. g5 Bh5 30. Ngh4 Nf8 31. Rf2 Ng6 32. Nxg6 Bxg6 33. Nh4 Bh5 34. Ng2 Qd7 35. Ne3 h6 36. h4 R2a7 37. Kg2 Rd8 38. Rd2 Qe8 39. Kg3 Rad7 40. Rh1 Qg6 41. Qf1 hxg5 42. hxg5 Bxg5 43. fxg5 Qxg5+ 44. Kf2 Qf4+ 45. Kg2 Qxe3 46. Bc1 Rxd3 47. Rxd3 Qxd3 48. Qxd3 Rxd3 49. Rxh5 Rxb3 50. Rh3 Rb1 51. Be3 b3 52. Bxc5 g5 53. Rd3 Kf7 54. Rd7+ Kg6 55. Re7 b2 56. Rxe6+ Kh5 57. Bd4 Rg1+ 58. Bxg1 b1Q 59. Re8 Qe4+ 60. Kf1 Qxc4+ 61. Ke1 Qe4+ 62. Kd2 Kg4 63. Bb6 Qd5+ 64. Kc3 Qb5 65. Bc7 Qc5+ 66. Kd3 Qd5+ 67. Kc3 Qc5+ 68. Kd3 f4 69. Rd8 Qb5+ 70. Kd4 Qb4+ 71. Kd3 Qb3+ 72. Kd4 f3 73. Bd6 f2 74. Rf8 Qd1+ 75. Kc5 f1Q 76. Rxf1 Qxf1 77. Kxc6 Kf5 78. Kd7 Qc4 0-1

[Event "Titled Tuesday intern op 12th Mar Early"]
[Site "Chess.com INT"]
[Date "2024.03.12"]
[Round "7"]
[White "Borgaonkar, Akshay"]
[Black "Zhigalko, Sergei"]
[Result "1-0"]
[WhiteElo "2372"]
[BlackElo "2572"]
[PlyCount "57"]
[EventDate "2024.03.12"]
[EventType "swiss (blitz)"]
[EventRounds "11"]
[EventCountry "USA"]
[SourceTitle "CB12_2024"]
[SourceDate "2023.10.01"]
[SourceVersion "1"]
[SourceVersionDate "2023.10.01"]
[SourceQuality "1"]

1. d4 Nf6 2. Bg5 e6 3. e4 h6 4. Bxf6 Qxf6 5. c3 d6 6. Bd3 e5 7. Ne2 Nc6 8. 0-0 g5 9. Na3 Bd7 10. Qb3 Rb8 11. Nb5 Qd8 12. d5 a6 13. dxc6 bxc6 14. Bc4 axb5 15. Bxf7+ Ke7 16. Bh5 Be6 17. Qc2 Bg7 18. Ng3 Rf8 19. h3 Rf6 20. Bg4 Bc4 21. Rfe1 Kf8 22. Nh5 Rf4 23. Nxf4 exf4 24. e5 Bxe5 25. Qh7 Bg7 26. Be6 Bxe6 27. Rxe6 Qd7 28. Rf6+ Bxf6 29. Qxd7 1-0

[Event "Titled Tuesday intern op 12th Mar Early"]
[Site "Chess.com INT"]
[Date "2024.03.12"]
[Round "10"]
[White "Harutjunyan, Gevorg"]
[Black "Zhigalko, Sergei"]
[Result "1-0"]
[WhiteElo "2358"]
[BlackElo "2572"]
[PlyCount "133"]
[EventDate "2024.03.12"]
[EventType "swiss (blitz)"]
[EventRounds "11"]
[EventCountry "USA"]
[SourceTitle "CB12_2024"]
[SourceDate "2023.10.01"]
[SourceVersion "1"]
[SourceVersionDate "2023.10.01"]
[SourceQuality "1"]

1. e4 c5 2. Nf3 Nc6 3. Bb5 Nf6 4. Bxc6 dxc6 5. d3 Bg4 6. h3 Bh5 7. e5 Nd5 8. 0-0 e6 9. Nbd2 Be7 10. Ne4 Qc7 11. g4 Bg6 12. Qe2 h5 13. c4 hxg4 14. hxg4 Nb6 15. Bf4 0-0-0 16. Kg2 Nd7 17. Rh1 Kb8 18. Bg3 Ka8 19. a3 Qa5 20. Rab1 Rxh1 21. Rxh1 a6 22. Qe1 Qb6 23. Qe2 Qb3 24. Rd1 Rh8 25. Rh1 Rxh1 26. Kxh1 Bxe4 27. dxe4 Nb6 28. Nd2 Qxb2 29. Qd3 Qd4 30. Qc2 Bg5 31. Nf3 Qd8 32. a4 Be7 33. Bf4 Nc8 34. Kg2 Qa5 35. Bg5 Bxg5 36. Nxg5 Qc7 37. f4 Qe7 38. a5 f6 39. Nf3 Qc7 40. exf6 gxf6 41. e5 fxe5 42. Nxe5 Qxa5 43. g5 Nd6 44. Qd3 Nf5 45. g6 Qa2+ 46. Kh3 Qa1 47. Qd8+ Ka7 48. Nxc6+ bxc6 49. Qc7+ Ka8 50. Qxc6+ Kb8 51. Qb6+ Ka8 52. Qc6+ Kb8 53. Qb6+ Ka8 54. Qxe6 Qh8+ 55. Kg4 Nd4 56. Qxa6+ Kb8 57. Qb6+ Ka8 58. Qxc5 Qf6 59. Qd5+ Ka7 60. Qf7+ Qxf7 61. gxf7 Ne6 62. Kf5 Nf8 63. Kf6 Kb6 64. Kg7 Ne6+ 65. Kg8 Kc5 66. f5 Kxc4 67. fxe6 1-0

[Event "Titled Tuesday intern op 12th Mar Late"]
[Site "Chess.com INT"]
[Date "2024.03.12"]
[Round "5"]
[White "Zhigalko, Sergei"]
[Black "Velikanov, Alexander"]
[Result "1-0"]
[WhiteElo "2572"]
[BlackElo "2387"]
[PlyCount "65"]
[EventDate "2024.03.12"]
[EventType "swiss (blitz)"]
[EventRounds "11"]
[EventCountry "USA"]
[SourceTitle "CB12_2024"]
[SourceDate "2023.10.01"]
[SourceVersion "1"]
[SourceVersionDate "2023.10.01"]
[SourceQuality "1"]

1. e4 c5 2. Nf3 a6 3. c3 e6 4. d4 d5 5. e5 Bd7 6. Be2 Bb5 7. Bxb5+ axb5 8. dxc5 Bxc5 9. b4 Bb6 10. Na3 Ne7 11. Nxb5 0-0 12. 0-0 Ng6 13. Re1 Qd7 14. a4 Nc6 15. Be3 Bxe3 16. Rxe3 Rfd8 17. h4 Nge7 18. Nfd4 Ng6 19. Nf3 f6 20. exf6 gxf6 21. h5 Nf4 22. h6 e5 23. g3 Qh3 24. gxf4 exf4 25. Rd3 Kh8 26. Ng5 Qf5 27. Nf7+ Kg8 28. Nxd8 Rxd8 29. Nd4 Qg6+ 30. Kf1 Ne5 31. Rh3 Kh8 32. Qh5 Qe4 33. Re1 1-0

[Event "Minsk Bronstein 100 Memorial op"]
[Site "Minsk"]
[Date "2024.02.18"]
[Round "9"]
[White "Cherepov, Alexej"]
[Black "Zhigalko, Sergei"]
[Result "0-1"]
[WhiteElo "2087"]
[BlackElo "2572"]
[PlyCount "122"]
[EventDate "2024.02.17"]
[EventType "swiss"]
[EventRounds "10"]
[EventCountry "BLR"]
[SourceTitle "CB08_2024"]
[SourceDate "2024.02.21"]
[SourceVersion "1"]
[SourceVersionDate "2024.02.21"]
[SourceQuality "1"]

1. Nf3 Nf6 2. c4 e6 3. g3 a6 4. Bg2 b5 5. cxb5 axb5 6. Nd4 Ra5 7. Nb3 Ra7 8. d4 Bb7 9. 0-0 Bxg2 10. Kxg2 Nc6 11. Be3 Ra6 12. f3 Qa8 13. a3 b4 14. Nc5 Bxc5 15. dxc5 h6 16. a4 0-0 17. Nd2 d5 18. cxd6 cxd6 19. Bf2 d5 20. b3 e5 21. Rc1 e4 22. Qc2 Re8 23. fxe4 dxe4 24. Be3 Ne5 25. Kg1 Neg4 26. Bd4 Nd5 27. Nc4 Rg6 28. e3 Qb8 29. Rf5 Nc3 30. Rcf1 Re7 31. a5 Rd7 32. R1f4 Nf6 33. Ne5 Rxd4 34. exd4 Rg5 35. Rxg5 hxg5 36. Rf5 Qb5 37. Qd2 g4 38. Rg5 Qxa5 39. Nxg4 Qa1+ 40. Kg2 Nxg4 41. Rxg4 Qa8 42. Qh6 Qf8 43. Qe3 f5 44. Rg5 Qf6 45. Qf4 Nd5 46. Qb8+ Kf7 47. h4 Qe6 48. Qh8 Qf6 49. Qc8 g6 50. Qb7+ Ne7 51. Qxb4 Qe6 52. Qc4 Nd5 53. Qe2 e3 54. h5 Nc3 55. Qc4 Nd5 56. hxg6+ Kf6 57. Rh5 e2 58. Qc1 Qe4+ 59. Kf2 f4 60. gxf4 Nxf4 61. Ke1 Nd5 0-1

[Event "Minsk Bronstein 100 Memorial op"]
[Site "Minsk"]
[Date "2024.02.17"]
[Round "4"]
[White "Agrafenin, Andrey Alexandrovic"]
[Black "Zhigalko, Sergei"]
[Result "1-0"]
[WhiteElo "1870"]
[BlackElo "2572"]
[PlyCount "213"]
[EventDate "2024.02.17"]
[EventType "swiss"]
[EventRounds "10"]
[EventCountry "BLR"]
[SourceTitle "CB08_2024"]
[SourceDate "2024.02.21"]
[SourceVersion "1"]
[SourceVersionDate "2024.02.21"]
[SourceQuality "1"]

1. c4 e5 2. Nc3 Nf6 3. Nf3 Nc6 4. g3 Bb4 5. Nd5 Ba5 6. Bg2 0-0 7. 0-0 d6 8. d3 Nxd5 9. cxd5 Ne7 10. e4 f5 11. Nd2 Bb6 12. Nc4 f4 13. Nxb6 axb6 14. d4 Ng6 15. dxe5 dxe5 16. f3 h5 17. Qc2 Bd7 18. Bd2 Rf7 19. a3 Qf6 20. Rac1 c6 21. dxc6 bxc6 22. Rfd1 fxg3 23. hxg3 h4 24. Be1 hxg3 25. Bxg3 Qg5 26. Qf2 Raf8 27. Rc3 b5 28. Rd6 Be8 29. Kh2 Qh5+ 30. Kg1 Qg5 31. Kh2 Kh7 32. Qe3 Nf4 33. Bxf4 Rxf4 34. Qe1 Rh4+ 35. Kg1 Qf4 36. Qe3 Qg3 37. Qf2 Qh2+ 38. Kf1 Qf4 39. Qe3 Qg3 40. Qf2 Qf4 41. Qe3 Qh2 42. Qg1 Qg3 43. Qf2 Qg5 44. Qd2 Qh5 45. Qe3 Rhf4 46. Kg1 Qg5 47. Qf2 Bh5 48. Rdd3 Bg6 49. Qd2 R8f6 50. Rd6 Rxd6 51. Qxd6 Rf6 52. Qd3 Bh5 53. Qe3 Qg3 54. Qf2 Qg5 55. Qe3 Qg6 56. Kh2 Qf7 57. Qg5 Re6 58. Bh3 Rh6 59. Qxe5 Bxf3 60. Qf5+ Qxf5 61. exf5 Bd5 62. Kg3 Rh5 63. Kg4 Kh6 64. Re3 Rg5+ 65. Kf4 Rg1 66. b4 Ra1 67. Rg3 Kh7 68. Ke5 Re1+ 69. Kd6 Re2 70. Kc5 Rc2+ 71. Kb6 Rf2 72. Re3 Kg8 73. Kc5 Kf7 74. Kd6 Kf6 75. Rg3 Re2 76. Rg6+ Kf7 77. Rg3 Rh2 78. Bg4 Kf6 79. Bf3 Bxf3 80. Rxf3 Rc2 81. Rg3 Rc1 82. Rg6+ Kf7 83. Re6 Rc3 84. Re5 Kf6 85. Rc5 Rxa3 86. Kxc6 Ra8 87. Kxb5 Rb8+ 88. Kc4 Ke7 89. b5 Rf8 90. b6 Kd6 91. Kb5 Rb8 92. Rc7 Rf8 93. Rxg7 Rxf5+ 94. Ka6 Rf1 95. Rc7 Ra1+ 96. Kb7 Rb1 97. Rc2 Rh1 98. Ka7 Ra1+ 99. Kb8 Kd7 100. b7 Rd1 101. Rc5 Kd6 102. Ra5 Rb1 103. Ra2 Kc6 104. Ka8 Rxb7 105. Rc2+ Kb6 106. Rb2+ Ka6 107. Rxb7 1-0

[Event "Titled Tuesday intern op 13th Feb Late"]
[Site "Chess.com INT"]
[Date "2024.02.13"]
[Round "2"]
[White "Leenhouts, Koen"]
[Black "Zhigalko, Sergei"]
[Result "0-1"]
[WhiteElo "2432"]
[BlackElo "2572"]
[PlyCount "142"]
[EventDate "2024.02.13"]
[EventType "swiss (blitz)"]
[EventRounds "11"]
[EventCountry "USA"]
[SourceTitle "CB08_2024"]
[SourceDate "2024.02.21"]
[SourceVersion "1"]
[SourceVersionDate "2024.02.21"]
[SourceQuality "1"]

1. e4 c5 2. Nf3 Nc6 3. Bb5 Nf6 4. Nc3 Qc7 5. 0-0 Nd4 6. Bc4 e6 7. d3 a6 8. a4 Be7 9. Re1 d6 10. Be3 Nc6 11. h3 0-0 12. Qe2 Rb8 13. d4 cxd4 14. Nxd4 Bd7 15. Nxc6 bxc6 16. b3 a5 17. Bd3 d5 18. Bd2 d4 19. Nd1 e5 20. Nb2 Bb4 21. Nc4 Be6 22. Rad1 Nd7 23. Rf1 Bxd2 24. Qxd2 Rb4 25. Kh2 Nc5 26. Nb2 Rfb8 27. Rfe1 Qe7 28. Bc4 h6 29. Bxe6 Qxe6 30. Nc4 Nxa4 31. Nxa5 Nc3 32. Ra1 Ra8 33. Nc4 Rbb8 34. Qd3 Qf6 35. Qg3 Rxa1 36. Rxa1 Re8 37. Re1 g6 38. Kg1 Kg7 39. Qd3 c5 40. Rf1 Ra8 41. g3 Qe6 42. Kg2 Re8 43. Qf3 h5 44. Qd3 Qc6 45. f3 h4 46. g4 Qf6 47. Rf2 Qf4 48. Qf1 Ra8 49. Kh1 Ra2 50. Nb6 d3 51. cxd3 Ra3 52. Nd5 Nxd5 53. exd5 Rxb3 54. d6 Rb6 55. d7 Rd6 56. Qe2 Qg3 57. Rg2 Qxh3+ 58. Rh2 Qg3 59. Rg2 Qf4 60. g5 Rxd7 61. Rg4 Qf5 62. Rxh4 Qxg5 63. Qh2 Qc1+ 64. Kg2 Qc2+ 65. Kg3 Qxh2+ 66. Rxh2 Rxd3 67. Rc2 e4 68. Rxc5 Rxf3+ 69. Kg4 Rf5 70. Rc7 Re5 71. Kg3 e3 0-1